Tvorcovia vírusov objavujú technológiu RFID výskumníci predviedli RFID vírus, aby podnietili výrobcov k ostražitosti

Bibliographic Details
Main Author: Michal, Petr (Author)
Format: Article
Language:Slovak
ISSN:1337-0138
Subjects:

MARC

LEADER 00000nab a2200000 ar4500
001 vtls008963210
003 SK-MaSNL
005 20260303070743.0
008 070411c2007 xo mr|p|||||||000 b|slo
015 |a SNBRB2007/04  |2 snkbucl 
038 |a SNKBUCL 
040 |a SNKBUCL  |b slo  |c SNKBUCL  |e AACR2 
041 0 |a slo 
044 |a xo  |c SK 
080 |a 004.492:003.295:621.396  |2 2001 
080 |a 003.295:621.396  |2 2001 
100 1 |a Michal, Petr  |4 aut  |9 1068603 
245 1 0 |a Tvorcovia vírusov objavujú technológiu RFID  |b výskumníci predviedli RFID vírus, aby podnietili výrobcov k ostražitosti  |c Petr Michal 
650 0 7 |a označovanie výrobkov  |2 snkbucl  |9 4122 
650 0 7 |a rádiová identifikácia  |2 snkbucl  |9 70199 
650 0 7 |a počítačové vírusy  |2 snkbucl  |9 1844 
650 0 7 |a malvér  |2 snkbucl  |9 28523 
650 0 7 |a middleware  |2 snkbucl  |9 333162 
773 0 |t Doprava a logistika  |g Roč. 2., č. 2 (2007), s. 45  |x 1337-0138 
852 |a SNK  |b KIS3GCP 
999 |c 1756779  |d 1758709